Mindennapi kenyerünk Rekonstrukció előtt a gyár
Elmentve itt :
| Dokumentumtípus: | Cikk |
|---|---|
| Megjelent: |
1979-11-01
|
| Sorozat: | Délmagyarország
69 No. 256 |
| Kulcsszavak: | Sütőipari Vállalat |
| Online Access: | http://dmarchiv.bibl.u-szeged.hu/105281 |
| LEADER | 00433nab a2200145 i 4500 | ||
|---|---|---|---|
| 001 | delm105281 | ||
| 005 | 20190521095037.0 | ||
| 008 | 190521s1979 hu o 0|| hun d | ||
| 040 | |a SZTE Délmagyarország Archívum |b hun | ||
| 041 | |a hun | ||
| 245 | 0 | 0 | |a Mindennapi kenyerünk |h [elektronikus dokumentum] : |b Rekonstrukció előtt a gyár |
| 260 | |c 1979-11-01 | ||
| 300 | |a 1 | ||
| 490 | 0 | |a Délmagyarország |v 69 No. 256 | |
| 695 | |a Sütőipari Vállalat | ||